One Piece Donquixote Family Officers - Statistics

General Stats
  • This quiz has been taken 424 times
    399 since last reset
  • The average score is 14 of 17
Answer Stats
Picture Answer % Correct
Donquixote Doflamingo
99%
Donquixote Rosinante
96%
Pica
96%
Sugar
95%
Trebol
95%
Baby 5
94%
Vergo
94%
Senor Pink
93%
Violet
93%
Monet
92%
Diamante
91%
Lao G
80%
Dellinger
75%
Buffalo
74%
Gladius
61%
Machvise
60%
Giolla
56%
No matching quizzes found
Score Distribution
Percent of People with Each Score
Percentile by Number Answered
Your Score History
You have not taken this quiz since the last reset